América Latina vanguardia y crisis actual /
Gardado en:
| Autor Principal: | |
|---|---|
| Formato: | Desconocido |
| Idioma: | Spanish |
| Publicado: |
Sin lugar
Sin publicador
1990
|
| Series: | Biblioteca popular
|
| Materias: | |
| Etiquetas: |
Engadir etiqueta
Sen Etiquetas, Sexa o primeiro en etiquetar este rexistro!
|
MARC
| LEADER | 000000000a22000000004500 | ||
|---|---|---|---|
| 001 | 000315 | ||
| 008 | 140611s1990 s.n||||| |||| 001 0 spa d | ||
| 082 | |a 335.5 |b H289a | ||
| 100 | 1 | |a Harnecker, Marta | |
| 245 | 1 | 0 | |a América Latina vanguardia y crisis actual / |c Marta Harnecker |
| 260 | |c 1990 |a Sin lugar |b Sin publicador | ||
| 300 | |a 139 páginas | ||
| 490 | 0 | |a Biblioteca popular | |
| 500 | |a Número de inscripción 03116 | ||
| 650 | 4 | |a AMERICA LATINA | |
| 650 | 4 | |a REVOLUCION | |
| 650 | 4 | |a LUCHA DE CLASES | |
| 942 | |2 ddc |c BK | ||
| 999 | |c 1127 |d 1127 | ||
